• 首页
  • 本馆介绍
  • 公告通知
  • 最新文献
  • 馆藏检索
  • 电子资源
  • 读者导购
  • 参考咨询
  • 我的图书馆
  • 登录
  • 详细信息显示
  • 放入我的书架
  • 预约/预借图书
  • 作者相关作品
  • 分类相关作品
  • 丛书相关作品
  • 出版社相关作品

书目信息

  • 表格格式
  • 工作单格式
  • 卡片格式
题名:
焦点解决短程治疗
    
 
作者: 拉特纳 , 乔治 , 艾夫森 著 ;赵然 , 于丹妮 , 马世红 , 孙海燕 译
分册:  
出版信息: 北京   化学工业出版社  2020.06
页数: 251页
开本: 24cm
丛书名: 心理咨询与治疗100个关键点译丛
单 册:
中图分类: B841 , R749.055
科图分类:
主题词: 心理咨询 , 精神疗法
电子资源:
ISBN: 978-7-122-29728-0
000 01890oam2 2200409 450
001 0108153912
005 20210308154403.0
010    @a978-7-122-29728-0@dCNY59.80
100    @a20171222d2020 em y0chiy50 ea
101 1  @achi@ceng
102    @aCN@b110000
105    @ay az 000yy
106    @ar
200 1  @a焦点解决短程治疗@Ajiao dian jie jue duan cheng zhi liao@dSolution focused brief therapy: 100 key points & techniques@e100个关键点与技巧@f(英)哈维·拉特纳, 埃文·乔治, 克里斯·艾夫森著@fHarvey Ratner, Evan George, Chris Iveson@g赵然[等]译@zeng
210    @a北京@c化学工业出版社@d2020.06
215    @a251页@d24cm
225 2  @a心理咨询与治疗100个关键点译丛
304    @a题名页其他次要责任者:于丹妮, 马世红, 孙海燕
306    @a本书中文简体字版由Taylor & Francis Group授权化学工业出版社独家出版发行。
320    @a有书目(第244-248页)
330    @a《焦点解决短程治疗:100个关键点与技巧》以简洁、易懂的语言介绍了焦点解决短程治疗方法的思想和实践,以及它如何让人在生活中产生高效迅速的改变。全书内容涵盖如下几个部分:焦点解决实践的历史背景;哲学基础;技术与实践;在儿童和青少年(包括学校工作)、家庭以及成年人中的应用;如何处理困难情况;组织应用,包括管理、教练和领导力;常见问题。
461  0 @12001 @a心理咨询与治疗100个关键点译丛
510 1  @aSolution focused brief therapy: 100 key points & techniques@zeng
517 1  @a100个关键点与技巧@A100 ge guan jian dian yu ji qiao
606 0  @a心理咨询
606 0  @a精神疗法
690    @aB841@v5
690    @aR749.055@v5
701  1 @a拉特纳@Ala te na@4著@c(英)@c(Ratner, Harvey)
701  1 @a乔治@Aqiao zhi@4著@c(英)@c(George, Evan)
701  1 @a艾夫森@Aai fu sen@4著@c(英)@c(Iveson, Chris)
702  0 @a赵然@Azhao ran@4译
702  0 @a于丹妮@Ayu dan ni@4译
702  0 @a马世红@Ama shi hong@4译
702  0 @a孙海燕@Asun hai yan@4译
801  0 @aCN@bBJSZM@c20210308
905    @b1272551-4@dB841@e3726@f4
    
    焦点解决短程治疗=Solution focused brief therapy: 100 key points & techniques:100个关键点与技巧/(英)哈维·拉特纳, 埃文·乔治, 克里斯·艾夫森著/Harvey Ratner, Evan George, Chris Iveson/赵然[等]译.-北京:化学工业出版社,2020.06
    251页;24cm.-(心理咨询与治疗100个关键点译丛)
    
    
    ISBN 978-7-122-29728-0:CNY59.80
    《焦点解决短程治疗:100个关键点与技巧》以简洁、易懂的语言介绍了焦点解决短程治疗方法的思想和实践,以及它如何让人在生活中产生高效迅速的改变。全书内容涵盖如下几个部分:焦点解决实践的历史背景;哲学基础;技术与实践;在儿童和青少年(包括学校工作)、家庭以及成年人中的应用;如何处理困难情况;组织应用,包括管理、教练和领导力;常见问题。
●
相关链接 在E读中查询图书 在五车中查询图书 在当当中查询图书 在豆瓣中查询图书


正题名:焦点解决短程治疗     索取号:B841/3726         预约/预借

序号 登录号 条形码 馆藏地/架位号 状态 备注
1 1272551   212725513   第一样本阅览室/ [索取号:B841/3726] 在馆    
2 1272552   212725522   教育系资料室/ [索取号:B841/3726] 在馆    
3 1272553   212725531   教育系资料室/ [索取号:B841/3726] 在馆    
4 1272554   212725540   第一借阅区/ [索取号:B841/3726] 在馆    
唐山师范学院图书馆 欢迎您!
大连网信软件有限公司© 版权所有